| 000 | 00382nam a2200157Ia 4500 | ||
|---|---|---|---|
| 008 | 220104s9999 xx 000 0 und d | ||
| 100 | _aTuason A M | ||
| 245 | 0 | _aComposition of para-rubber-seed-oil | |
| 520 | _a(citn only) | ||
| 650 | _aPhilippines | ||
| 650 | _aRubber seed | ||
| 650 | _aRubber seed kernel | ||
| 650 | _aRubber seed oil | ||
| 700 | _aCruz A O | ||
| 942 | _cBE | ||
| 999 |
_c47639 _d47639 |
||